Hiszpańskie słowa według obrazków #3 - Statystyki

Ogólne statystyki
  • Ten quiz został rozwiązany 1 278 razy
  • Średni wynik to 9 z 24
Odpowiedzi na mapie
Odpowiedzi zakodowano w zielono-czerwonej skali na mapie do tego quizu, zgodnie z poniższymi procentami.
 
Statystyki odpowiedzi
Odpowiedź % Poprawnych
Un tigre
76%
Un tomate
75%
Una lupa
71%
Una patata
70%
Un diente
62%
Una langosta
56%
Un perro
55%
Un barco
44%
Una oreja
31%
Calcetines
30%
Una oveja
28%
Un paraguas
27%
Una papelera
25%
Cerezas
24%
Una gorra
23%
Un camión
23%
Un tiburón
23%
Una bombilla
19%
Una cometa
19%
Un murciélago
18%
Un caracol
16%
Una piruleta
14%
Un hongo
12%
Un cohete
11%
Nie znaleziono quizów pasujących do podanych kryteriów
Rozkład punktacji
Procent ludzi z każdym wynikiem
Percentyl według liczby udzielonych odpowiedzi
Twoja historia wyników
Nie rozwiązałeś tego quizu